000
00248nam a2200109Ia 4500
999
_c
9271
_d
9271
020
_a
978-0132433105
100
_a
William Stallings
245
0
_a
Data And Computer Communications
260
_a
New Delhi
_b
Addison
_c
2002
300
_a
781
942
_c
BK